Statistics for Zelda Breath of the Wild Quiz

Click here to take the quiz!

General Stats

  • This quiz has been taken 84 times
  • The average score is 11 of 15

Answer Stats

HintAnswer SSpi% Correct
Who is the Zora champion?Mipha
97%
Where does Breath of the wild take place?Hyrule
92%
What does the Old Man give you after completing the first four shrines?The Paraglider
85%
What race lives on Death Mountain?Goron
80%
Who is the leader of the Yiga Clan?Master Kohga
80%
What is the reward for completing a shrine?A Spirit Orb
78%
And her ability?Mipha’s Grace
76%
What creature allows you to traverse the desert easier?Sand Seal
76%
Who’s maraca’s do you have to find for a side quest?Hestu’s
75%
How many Korok seeds are in the game?900
69%
What piece of armor allows you to see the exact health of an enemy?The Champion’s Tunic
66%
How many hearts does it take to remove the master sword?Thirteen
66%
What island in the Southeast corner of Hyrule takes away all of your equipment?Eventide Island
64%
Where does Link start out the game?The Great Plateau
63%
What is Daruk’s weapon called?Boulder Breaker
53%

Score Distribution

Percentile by Number Answered

Percent of People with Each Score

Your Score History

You have not taken this quiz